How Well Do You Know Sherlock BBC ? Quiz Stats

 Plays Quiz not verified by Sporcle

Score 0/30 Timer 05:00
0 Plays Today
Question Answer % Correct
What is the code to Irene Adler's phone?I am SHER locked
83.1%
What is Sherlock Holmes' address?221B Baker Street
76.7%
Who was Molly Hooper's date in 'The Great Game' ?James Moriarty
76.6%
What did Sherlock want to be when he was a child?Pirate
71.2%
What is Lestrade's excuse for raiding Sherlock's flat?It's a drug bust
71.1%
What song is James Moriarty's ringtone?Staying Alive
69.1%
What was the name of the Kirsty Stapleton's rabbit?Bluebell
68.4%
What is John Watson's middle name?Hamish
67.1%
What profession did Richard Brook claim he was?Story teller
64.7%
Who did John go to the Chinese circus with?Sarah
64.3%
What building does Sherlock jump off at the end of the episode?St Bart's Hospital
63.3%
What game will John not play with Sherlock?Cluedo
59.2%
What was the key to opening Irene Adler's safe?Her measurements
58.7%
Who gave John Watson their mobile phone?Harriet
55.1%
What does Sherlock prefer to do?Text
54.2%
Question Answer % Correct
Who helps Sherlock find the children in 'Reichenbach Fall' ?The Homeless Network
53.6%
What does John say Sherlock should stick to instead of funny?Ice
52.9%
What can you not do when at a crime scene?Giggle
47.7%
Where did John hide Sherlock's cigarettes?Under the skull
45.6%
What is tattooed on the bottom of Soo Lin's heel in 'The Blind Banker' ?A lotus flower
45%
How many times has Kitty had her skirt re-hemmed?Twice
38.2%
What was the assassin called in 'The Great Game' ?Golem
36.3%
What is the morse code which John finds in Dartmoor?UMQRA
34%
You... ripping my clothes off in a darkened swimming pool? [Finish quote].People might talk
33.1%
What does Mycroft Holmes' name literally do?Opens doors
30.8%
What did Sherlock say deer-stalker looked like?A death frisbee
30.5%
Where did Sherlock find the Pink Lady's suitcase?In a skip
29.1%
Where was Henry Knight's father killed?Dewer's hollow
25.3%
What's the name of the taxi driver in 'A Study in Pink' ?Jeff
24.9%
Where does Mrs. Hudson say you shouldn't keep bodies?Where there's food
15.3%

You're not logged in!

Compare scores with friends on all Sporcle quizzes.
OR
Log In

You Might Also Like...

Show Comments

Extras

Top Quizzes Today


Score Distribution

Your Account Isn't Verified!

In order to create a playlist on Sporcle, you need to verify the email address you used during registration. Go to your Sporcle Settings to finish the process.

Report this User

Report this user for behavior that violates our Community Guidelines.

Details: